En La Oscuridad - Lit Killah, María Becerra - Estadísticas

Estadísticas generales
  • Esta prueba ha sido intentada 27 veces
  • La puntuación promedio es 290 de 391
Estadísticas de respuestas
Letra % Correcto
a
100%
con
100%
Con
100%
cuando
100%
de
100%
en
100%
L
100%
la
100%
La
100%
las
100%
luz
100%
Me
100%
me
100%
100%
mi
100%
Mi
100%
no
100%
No
100%
o
100%
pa
100%
pero
100%
Pero
100%
que
100%
Que
100%
se
100%
100%
Si
100%
si
100%
100%
Al
80%
alucina
80%
apaga
80%
apagá
80%
apagada
80%
Aún
80%
cabeza
80%
cerrada
80%
dejo
80%
del
80%
dispara
80%
el
80%
El
80%
Ella
80%
enterar
80%
es
80%
faro
80%
hace
80%
Hagámoslo
80%
lo
80%
Mercede
80%
mirar
80%
mueres
80%
muero
80%
nada
80%
nadie
80%
oscuridad
80%
Pi
80%
pi
80%
pone
80%
por
80%
puerta
80%
Su
80%
T
80%
te
80%
ti
80%
80%
tu
80%
usa
80%
va
80%
X
80%
XL
80%
Y
80%
y
80%
yo
80%
Antes
60%
Bésame
60%
está
60%
esta
60%
estar
60%
estás
60%
Hizo
60%
I
60%
imagina
60%
le
60%
mirada
60%
motivada
60%
mueve
60%
papele
60%
para
60%
pidió
60%
policía
60%
prendo
60%
soy
60%
tener
60%
triple
60%
un
60%
vi
60%
acabe
40%
aliento
40%
andaba
40%
aquí
40%
caminando
40%
Click
40%
click
40%
comerno
40%
cómo
40%
decía
40%
día
40%
dijiste
40%
directo
40%
escondida
40%
este
40%
hacerlo
40%
hacia
40%
hambre
40%
Hasta
40%
Justo
40%
justo
40%
llegará
40%
luce
40%
Mami
40%
mío
40%
moja
40%
momento
40%
noche
40%
nos
40%
oscuro
40%
paga
40%
pega
40%
Pienso
40%
Podemos
40%
prendí
40%
queda
40%
quieran
40%
quiero
40%
sedienta
40%
siente
40%
striptease
40%
termina
40%
tiempo
40%
vamo
40%
veamos
40%
venías
40%
Ver
40%
yeah
40%
apreta
20%
Argentina
20%
así
20%
bailaba
20%
Bailando
20%
bien
20%
Big
20%
Conmigo
20%
cuerpo
20%
dije
20%
Ey
20%
fui
20%
gran
20%
is
20%
Killah
20%
Lady
20%
lento
20%
LIT
20%
nena
20%
One
20%
reggaetón
20%
salir
20%
Sentía
20%
suda
20%
the
20%
This
20%
tras
20%
vamos
20%
pídanlo
0%
quiеre
0%
0%
No se encontraron pruebas coincidentes
Distribución de puntuación
Porcentaje de gente con cada puntuación
Porcentaje por número respondido
Historial de tus puntuaciones
No has intentado esta prueba.